00431 2200169 4500001002100000005001500021035002000036245003700056100001400093250001700107300003200124260004200156082001100198084001800209020002200227600001200249INLIS00000000000090220250217070347 a0010-02250000061 aRahasia Jarak Pagar /cAbu Valya0 aAbu Valya acetakan ke-1 aiv, 52 hlm :bilus ;c20 cm aJakarta :bSinar Wadja Lestari,c2007 a631.53 a631.53 ABU r a978-979-121-313-4 4atanaman